000 00475nam a22001937a 4500
003 MPLRDC
005 20220104183032.0
008 210129b ||||| |||| 00| 0 eng d
020 _a986-7833-65-9
082 _a563 LYR
100 _a刘忆如
245 _a孩子,我要你比我更有钱途
_c
250 _a初版
260 _a台湾
_b宝瓶文化事业有限公司
_c2004
300 _b
490 _aENJOY. 016
650 _a理财
942 _cBK
_o563 LYR
999 _c62225
_d62215